<?xml version="1.0" encoding="UTF-8"?>
<collection xmlns="http://www.loc.gov/MARC21/slim">
<record>
  <controlfield tag="001">109348</controlfield>
  <controlfield tag="005">20230317221935.0</controlfield>
  <datafield tag="024" ind1="7" ind2=" ">
    <subfield code="a">10.1142/9789814447058_bmatter</subfield>
    <subfield code="2">doi</subfield>
  </datafield>
  <datafield tag="037" ind1=" " ind2=" ">
    <subfield code="a">GSI-2015-02259</subfield>
  </datafield>
  <datafield tag="041" ind1=" " ind2=" ">
    <subfield code="a">English</subfield>
  </datafield>
  <datafield tag="100" ind1="1" ind2=" ">
    <subfield code="a">Utsunomiya, H.</subfield>
    <subfield code="0">P:(DE-HGF)0</subfield>
    <subfield code="b">0</subfield>
  </datafield>
  <datafield tag="111" ind1="2" ind2=" ">
    <subfield code="a">Proceedings of the Tours Symposium on Nuclear Physics II</subfield>
    <subfield code="c">Tours</subfield>
    <subfield code="w">France</subfield>
  </datafield>
  <datafield tag="245" ind1=" " ind2=" ">
    <subfield code="a">BACK MATTER</subfield>
  </datafield>
  <datafield tag="260" ind1=" " ind2=" ">
    <subfield code="a">Singapore</subfield>
    <subfield code="c">1995</subfield>
    <subfield code="b">WORLD SCIENTIFIC</subfield>
  </datafield>
  <datafield tag="295" ind1="1" ind2="0">
    <subfield code="a">Tours Symposium on Nuclear Physics II : [Proceedings] - WORLD SCIENTIFIC, 1995. - ISBN 978-981-02-2156-0978-981-4447-05-8 - doi:10.1142/9789814447058_bmatter</subfield>
  </datafield>
  <datafield tag="300" ind1=" " ind2=" ">
    <subfield code="a">565-572</subfield>
  </datafield>
  <datafield tag="336" ind1="7" ind2=" ">
    <subfield code="a">bookPart</subfield>
    <subfield code="2">DRIVER</subfield>
  </datafield>
  <datafield tag="336" ind1="7" ind2=" ">
    <subfield code="a">Contribution to a conference proceedings</subfield>
    <subfield code="0">PUB:(DE-HGF)8</subfield>
    <subfield code="2">PUB:(DE-HGF)</subfield>
    <subfield code="m">contrib</subfield>
  </datafield>
  <datafield tag="336" ind1="7" ind2=" ">
    <subfield code="a">INBOOK</subfield>
    <subfield code="2">BibTeX</subfield>
  </datafield>
  <datafield tag="336" ind1="7" ind2=" ">
    <subfield code="a">Book Section</subfield>
    <subfield code="0">7</subfield>
    <subfield code="2">EndNote</subfield>
  </datafield>
  <datafield tag="336" ind1="7" ind2=" ">
    <subfield code="a">Contribution to a book</subfield>
    <subfield code="b">contb</subfield>
    <subfield code="m">contb</subfield>
    <subfield code="0">PUB:(DE-HGF)7</subfield>
    <subfield code="s">1440512751_9450</subfield>
    <subfield code="2">PUB:(DE-HGF)</subfield>
  </datafield>
  <datafield tag="536" ind1=" " ind2=" ">
    <subfield code="a">899 - ohne Topic (POF3-899)</subfield>
    <subfield code="0">G:(DE-HGF)POF3-899</subfield>
    <subfield code="c">POF3-899</subfield>
    <subfield code="f">POF III</subfield>
    <subfield code="x">0</subfield>
  </datafield>
  <datafield tag="588" ind1=" " ind2=" ">
    <subfield code="a">Dataset connected to CrossRef Conference</subfield>
  </datafield>
  <datafield tag="700" ind1="1" ind2=" ">
    <subfield code="a">Ohta, M.</subfield>
    <subfield code="0">P:(DE-HGF)0</subfield>
    <subfield code="b">1</subfield>
  </datafield>
  <datafield tag="700" ind1="1" ind2=" ">
    <subfield code="a">Galin, J.</subfield>
    <subfield code="0">P:(DE-HGF)0</subfield>
    <subfield code="b">2</subfield>
  </datafield>
  <datafield tag="700" ind1="1" ind2=" ">
    <subfield code="a">Münzenberg, G.</subfield>
    <subfield code="0">P:(DE-Ds200)BUDP1-0212</subfield>
    <subfield code="b">3</subfield>
    <subfield code="u">gsi</subfield>
  </datafield>
  <datafield tag="773" ind1=" " ind2=" ">
    <subfield code="a">10.1142/9789814447058_bmatter</subfield>
  </datafield>
  <datafield tag="909" ind1="C" ind2="O">
    <subfield code="o">oai:repository.gsi.de:109348</subfield>
    <subfield code="p">VDB</subfield>
  </datafield>
  <datafield tag="910" ind1="1" ind2=" ">
    <subfield code="a">GSI Helmholtzzentrum für Schwerionenforschung GmbH</subfield>
    <subfield code="0">I:(DE-Ds200)20121206GSI</subfield>
    <subfield code="k">GSI</subfield>
    <subfield code="b">3</subfield>
    <subfield code="6">P:(DE-Ds200)BUDP1-0212</subfield>
  </datafield>
  <datafield tag="913" ind1="1" ind2=" ">
    <subfield code="a">DE-HGF</subfield>
    <subfield code="b">Programmungebundene Forschung</subfield>
    <subfield code="l">ohne Programm</subfield>
    <subfield code="1">G:(DE-HGF)POF3-890</subfield>
    <subfield code="0">G:(DE-HGF)POF3-899</subfield>
    <subfield code="2">G:(DE-HGF)POF3-800</subfield>
    <subfield code="v">ohne Topic</subfield>
    <subfield code="x">0</subfield>
    <subfield code="4">G:(DE-HGF)POF</subfield>
    <subfield code="3">G:(DE-HGF)POF3</subfield>
  </datafield>
  <datafield tag="920" ind1="1" ind2=" ">
    <subfield code="0">I:(DE-Ds200)SHP-20080822OR107</subfield>
    <subfield code="k">SHP</subfield>
    <subfield code="l">SHE Physik</subfield>
    <subfield code="x">0</subfield>
  </datafield>
  <datafield tag="980" ind1=" " ind2=" ">
    <subfield code="a">contb</subfield>
  </datafield>
  <datafield tag="980" ind1=" " ind2=" ">
    <subfield code="a">VDB</subfield>
  </datafield>
  <datafield tag="980" ind1=" " ind2=" ">
    <subfield code="a">contrib</subfield>
  </datafield>
  <datafield tag="980" ind1=" " ind2=" ">
    <subfield code="a">I:(DE-Ds200)20110830OR107</subfield>
  </datafield>
  <datafield tag="980" ind1=" " ind2=" ">
    <subfield code="a">I:(DE-Ds200)SHP-20080822OR107</subfield>
  </datafield>
  <datafield tag="980" ind1=" " ind2=" ">
    <subfield code="a">UNRESTRICTED</subfield>
  </datafield>
</record>
</collection>